000 00475nam a2200181Ia 4500
001 22468
005 20260414150833.0
008 260414t2012||||xx |||||||||||||| ||spa||
041 _aESP
082 _a621.3815
_bC12
100 _aCaballero, Adolfo Hilario
_eAUT
245 0 _aSimulación y electrónica analógica :
_bprácticas y problemas
260 _c2012
300 _axlii, 507 páginas :
_c24 cm.
650 _aTCA
654 _aCET
942 _cLIB
_dJUS
_fJUS
_2ddc
_n
999 _c22468
_d22468